| 000 | 01241cam a22001694a 4500 | ||
|---|---|---|---|
| 005 | 20250605163659.0 | ||
| 008 | 250528s ||||||||||||||||||||||||d | ||
| 035 | _a24208 | ||
| 040 |
_aGR-AtMCL _bgre _dGR-AtMCL _eAACR2 |
||
| 245 | 1 | _aΤα Όργανα της Ευρωπαϊκης Κοινότητας | |
| 260 |
_bΔιοικητική Μονάδα 'Εκδόσεις' _bΟπτικοακουστικός Τομέας, Πληροφόρηση, Επικοινωνία Και Πολιτιστικά Θέματα, _c1993 |
||
| 300 | _a8 | ||
| 520 | _aΤο Ευρωπαϊκό Κοινοβούλιο, Το Ευρωπαϊκό Συμβούλιο, Το Συμβούλιο της Ευρωπαϊκής Ένωσης, Η Ευρωπαϊκή Επιτροπή, Το Δικαστήριο και το Πρωτοδικείο, Το Ελεγκτικό Συνέδριο, Η Οικονομική Επιτροπή και η Συμβουλευτική Επιτροπή ΕΚΑΧ, Η Επιτροπή των Περιφερειών, Η Ευρωπαϊκή Τράπεζα Επενδύσεων, Το Ευρωπαϊκό Νομισματικό Ίδρυμα και η Ευρωπαϊκή Τράπεζα. | ||
| 942 | _cCR | ||
| 999 |
_c9102 _d9102 |
||